Eksport zakończony — 

Tuyển tập các công trình nghiên cứu ứng dụng khoa học, công nghệ và môi trường tỉnh Cần Thơ giai đoạn 1996-2000

Sparad:
Bibliografiska uppgifter
Huvudupphovsman: ủy ban nhân dân tỉnh Cần Thơ
Materialtyp: Bok
Språk:Undetermined
Publicerad: Cần Thơ ủy ban nhân dân tỉnh Cần Thơ 2001
Ämnen:
Taggar: Lägg till en tagg
Inga taggar, Lägg till första taggen!
Thư viện lưu trữ: Trung tâm Học liệu Trường Đại học Cần Thơ
LEADER 00722nam a2200181Ia 4500
001 CTU_44017
008 210402s9999 xx 000 0 und d
082 |a 304.072 
082 |b U523/2001 
100 |a ủy ban nhân dân tỉnh Cần Thơ 
245 0 |a Tuyển tập các công trình nghiên cứu ứng dụng khoa học, công nghệ và môi trường tỉnh Cần Thơ giai đoạn 1996-2000 
245 0 |c ủy ban nhân dân tỉnh Cần Thơ 
260 |a Cần Thơ 
260 |b ủy ban nhân dân tỉnh Cần Thơ 
260 |c 2001 
650 |a sociology 
904 |i Nguyễn Quang Điền, 010911 
980 |a Trung tâm Học liệu Trường Đại học Cần Thơ